000
00424nam a2200181Ia 4500
008
100917s9999 xx 000 0 und d
082
_b
7295
100
_a
कर्णिक मधुमंगेश
245
_a
संकेत
260
_b
---
_c
1966
300
_a
139
365
_b
5
520
_a
कथा
630
_a
संकेत
650
_a
कथा
730
_a
संकेत
942
_c
BOOK
999
_c
612689
_d
612686